Promesas de campaña vs. realidades de gobierno, percepción de un presidente municipal /

Tallennettuna:
Bibliografiset tiedot
Päätekijä: Fornelli Martín del Campo, Alejandro (autor)
Muut tekijät: Hanon Bravo, Isabel Manahen (autor) (autor), Torres Chávez, Alejandra (autor) (autor)
Aineistotyyppi: Opinnäyte Kirja
Kieli:espanja
Aiheet:
Tagit: Lisää tagi
Ei tageja, Lisää ensimmäinen tagi!

MARC

LEADER 00000nam^a2200000^a^4500
001 000187057
005 20250521000000.0
009 20260310102247.596
037 |a Acervo ITESO - Biblioteca 
041 |a ESP 
090 |a LAM. 546 
100 |a Fornelli Martín del Campo, Alejandro  |e (autor) 
245 1 0 |a Promesas de campaña vs. realidades de gobierno, percepción de un presidente municipal /  |c A. Fornelli Martín del Campo, I.M. Hanon Bravo, A. Torres Chávez. 
264 |a Guadalajara, México :  |b edición de autor,  |c 2006 
300 |a 1 disco compacto de computadora 
336 |a datos para computadora  |b cod  |2 rdacontenido 
337 |a computadora  |b c  |2 rdamedio 
338 |a disco de computadora  |b cd  |2 rdasoporte 
502 |a ITESO Tesis de Licenciatura en Administración Area Mercadotecnia 
649 |a XX 
650 |a Alcaldes Jaliscienses 
650 |a Alcaldes Mexicanos 
650 |a Candidatos Políticos 
650 |a Discurso Político 
650 |a Campaña Electoral 
650 |a Propaganda -  |x Análisis 
650 |a Política -  |z Tamazula de Gordiano, Jalisco -  |x Historia -  |y 2000-2006 
650 |a Política -  |z Jalisco -  |x Historia -  |y 2000-2006 
650 |a Política -  |z México -  |x Historia -  |y 2000-2006 
650 |a Mercadotecnia Política 
650 |a Comunicación y Política 
650 |a Tamazula de Gordiano, Jalisco -  |x Condiciones Políticas 
650 |a García Chávez, Alvaro 
700 |a Hanon Bravo, Isabel Manahen  |e (autor) 
700 |a Torres Chávez, Alejandra  |e (autor) 
910 |a Fondo General 
920 |a Electrónicos - Tesis del ITESO en Disco 
905 |a 202 
901 |a 0500129243  |b IT2  |c STS  |u 20250521 
902 |a https://opac.biblio.iteso.mx/vufind/Record/000187057